Sonowal kachari sanskriti adhayan (Record no. 10051)

MARC details
000 -LEADER
fixed length control field 00536cam a2200205ua 4500
001 - CONTROL NUMBER
control field 11199
005 - DATE AND TIME OF LATEST TRANSACTION
control field 20260515114723.0
008 - FIXED-LENGTH DATA ELEMENTS--GENERAL INFORMATION
fixed length control field 190904n ii |||gr||||Z||||||asm
020 ## - INTERNATIONAL STANDARD BOOK NUMBER
International Standard Book Number 9788193319819
040 ## - CATALOGING SOURCE
Transcribing agency MAIN
082 ## - DEWEY DECIMAL CLASSIFICATION NUMBER
Classification number 398.0954162
100 ## - MAIN ENTRY--PERSONAL NAME
Personal name Hemanta Kr. Chaliha,
Relator term Writer.,
245 ## - TITLE STATEMENT
Title Sonowal kachari sanskriti adhayan
Statement of responsibility, etc. By Hemanta Kr. Chaliha
250 ## - EDITION STATEMENT
Edition statement 1st ed.
260 ## - PUBLICATION, DISTRIBUTION, ETC.
Place of publication, distribution, etc. Guwahati:
Name of publisher, distributor, etc. Satirtha gyanyatra,
Date of publication, distribution, etc. 2017.
300 ## - PHYSICAL DESCRIPTION
Extent 247p.
653 ## - INDEX TERM--UNCONTROLLED
Uncontrolled term Folklore
653 ## - INDEX TERM--UNCONTROLLED
Uncontrolled term Sonowal tribe of Assam
942 ## - ADDED ENTRY ELEMENTS (KOHA)
Koha item type Books
Holdings
Withdrawn status Lost status Damaged status Not for loan Home library Current library Shelving location Date acquired Total checkouts Full call number Barcode Date last seen Date last checked out Copy number Price effective from Koha item type
        Naharkatiya College Library Naharkatiya College Library General stacks 09/19/2020 7 398.0954162Assamese Culture | CHA 26673 09/25/2025 09/13/2025 1 09/19/2020 Books
        Naharkatiya College Library Naharkatiya College Library General stacks 09/19/2020 3 398.0954162Assamese Culture | CHA 26674 01/21/2022 01/08/2022 2 09/19/2020 Books